Sobre el derecho de las naciones a la autodeterminación

में बचाया:
ग्रंथसूची विवरण
मुख्य लेखक: Lenin, Vladimir Ilich
स्वरूप: मूलपाठ
प्रकाशित: Moscú: Progreso
टैग: टैग जोड़ें
कोई टैग नहीं, इस रिकॉर्ड को टैग करने वाले पहले व्यक्ति बनें!

MARC

LEADER 00000 a a2200000 04500
001 24780
003
040
090 |a 174600  
100 |a Lenin, Vladimir Ilich  
245 |a Sobre el derecho de las naciones a la autodeterminación  
260 |a Moscú:   |b Progreso  
300 |a 80 p.  
999 |c 14878  |d 14878